Ricostruisci la Carriera dell'Allenatore - Europa - Quiz n°2 - Statistics

Statistiche generali
  • Questo quiz è stato fatto 12 volte
  • Il punteggio medio è 10 su 16
Statistiche sulle risposte
Allenatore Carriera Squadra % Corretto
Jürgen Klopp Magonza 2001-2008, .......... 2008-2015, Liverpool 2015- Borussia Dortmund
100%
Rudi Garcia Saint-Étienne 2000-2001, Digione 2002-2007, Le Mans 2007-2008, Lilla 2008-2013, .......... 2013-2016, Olympique Marsiglia 2016-2019, Olympique Lione 2019-2021, Al-Nassr 2022- Roma
100%
Rafael Benítez Real Madrid Castilla 1993-1995, Real Valladolid 1995-1996, Osasuna 1996, Extremadura 1997-1999, Tenerife 2000-2001, Valencia 2001-2004, Liverpool 2004-2010, Inter 2010, Chelsea 2012-2013, .......... 2013-2015, Real Madrid 2015-2016, Newcastle Utd 2016-2019, Delian Yifang 2019-2021, Everton 2021-2022 Napoli
91%
Christophe Galtier Saint-Étienne 2009-2017, Lilla 2017-2021, Nizza 2021-2022, .......... 2022- Paris Saint-Germain
91%
Sérgio Conceição Olhanense 2012-2013, Académica 2013-2014, Sporting Braga 2014-2015,Vitória Guimarães 2015-2016, Nantes 2016-2017, .......... 2017- Porto
91%
Thomas Tuchel Augusta II 2007-2008, Magonza 2009-2014, Borussia Dortmund 2015-2017, Paris Saint-Germain 2018-2021, .......... 2021-2022 Chelsea
82%
Joachim Löw Frauenfeld 1994-1995, Stoccarda 1996-1998, Fenerbahçe 1998-199, Karlsruhe 199-2000, Adanaspor 200-2001, Tirol Innsbruck 2001-2002, Austria Vienna 2003-2004, .......... 2006-2021 Germania
82%
Louis van Gaal Ajax 1991-1997, Barcellona 1997-2000, Paesi Bassi 2000-2001, AZ Alkmaar 2005-2009, Bayern Monaco 2009-2011, Paesi Basi 2012-2014, .......... 2014-2016, Paesi Bassi 2021-2022 Manchester United
82%
Raymond Domenech Mulhouse 1985-1988, Olympique Lione 1988-1993, Francia Under-21 1993-2004, .......... 2004-2010, Nantes 2020-2021 Francia
64%
Zdeněk Zeman Cinisi 1969-1970, Bacigalupo 1970-1971, Carini 1971-1972, Mislimeri 1972-1973, Esakalsa 1973-1974, Licata 1983-1986, Foggia 1986-1987, Parma 1987, Messina 1988-1989, .......... 1989-1994, Lazio 1994-1997, Roma 1997-1999, Fenerbahçe 1999-2000, Napoli 2000, Salernitana 2001-2002, Avellino 2003-2004, Lecce 2004-2005, Brescia 2006, Lecce 2008, Stella Rossa Belgrado 2008, Foggia 2010-2011, Pescara 2011-2012, Roma 2012-2012, Cagliari 2014-2015, Lugano 2015-2016, Pescara 2017-2018, Foggia 2021-2022 Foggia
55%
Fatih Terim Ankaragücü 1987-1989, Göztepe 1989-1990, Turchia Under-21 1990-1993, Turchia 1993-1996, Galatasaray 1996-2000, Fiorentina 2000-2001, Milan 2001, Galatasaray 2002-2004, Turchia 2005-2009, .......... 2011-2013, Turchia 2013-2017, Galatasaray 2017-2022 Galatasaray
36%
David Moyes Preston North End 1998-2002, Everton 2002-2013, Manchester United 2013-2014, Sunderland 2016-2017, West Ham Utd 2017-2018, .......... 2020- West Ham Utd
36%
Alex Ferguson East Stirlingshire 1974, St. Mirren 1974-1978, .......... 1978-1986, Scozia 1985-1986, Manchester United 1986-2013 Aberdeen
18%
Roy Hodgson Halmstad 1976-1980, Bristol City 1982, Oddevold 1982, Örebro 1983-1984, Malmö FF 1984-1989, Neuchâtel 1989-1992, Svizzera 1992-1995, Inter 1995-1997, Blackburn 1997-1998, Inter 1999, Grasshoppers 1999-2000, Copenaghen 2000-2001, Udinese 2001, Emirati Arabi Uniti 2002-2004, Viking 2004-2005, Finlandia 2006-2007, Fulham 2007-2010, Liverpool 2010-2011, West Bromwich 2011-2012, .......... 2012-2016, Crystal Palace 2017-2021, Watford 2022 Inghilterra
18%
Niko Kovač Croazia Under-21 2013, Croazia 2013-2015, Eintracht Francoforte 2016-2018, Bayern Monaco 2018-2019, .......... 2020-2022, Wolfsburg 2022- Monaco
18%
Brian Clough Hartlepool Utd 1965-1967, Derby County 1967-1973, Brighton 1973-1974, Leeds Utd 1974, .......... 1975-1993 Nottingham Forest
9%
Nessun quiz corrispondente trovato
Distribuzione punteggi
Percentuale di utenti per punteggio
Percentile per numero di risposta
I tuoi punteggi nel tempo
Non hai fatto questo quiz